00576nam a2200181 a 450000500170000000800410001701000140005802000240007203500130009603700150010904000180012408200110014210000220015324500800017526000620025527000410031730000360035820090728111326.0080103s2008 nyua b 000 0beng  aENG-94591 a8189579010c1100.00 aEN-78124 bDBAD / PUB adplbEnglish  a667.26 aVankar, Padma S.  aHandbook on natural dyes for industrial applications /cby Padma S. Vankar  aDelhibNational Institute of Industrial Researchc(200?)  a106-E, Kamla Nagar, bDelhi e110007 axiv, 472p. bill. ;c23cm(pbk)